[Event "Doeberl Cup Premier"]
[Site "Canberra AUS"]
[Date "2011.04.25"]
[Round "9.9"]
[White "Ikeda,J"]
[Black "Sandler,L"]
[Result "1-0"]
[WhiteTitle "FM"]
[BlackTitle "IM"]
[WhiteElo "2296"]
[BlackElo "2303"]
[WhiteFideId "3204731"]
[BlackFideId "3201805"]
[EventDate "2011.04.21"]
[EventType "swiss"]

1. Nf3 Nf6 2. g3 d5 3. Bg2 e6 4. d3 c5 5. Nbd2 Nc6 6. e4 Be7 7. O-O O-O 8. Re1
b6 9. e5 Nd7 10. Nf1 Bb7 11. h4 b5 12. Bf4 a5 13. N1h2 a4 14. Ng5 g6 15. Ng4 Nd4
16. Nh6+ Kg7 17. c3 Nf5 18. Nhxf7 Qb6 19. Nd6 Bxg5 20. hxg5 Bc6 21. Nxf5+ Rxf5
22. Bh3 d4 23. Bxf5 gxf5 24. Qh5 Nf8 25. cxd4 cxd4 26. g6 Nxg6 27. Rac1 Ra7 28.
Bh6+ Kg8 29. Rc2 b4 30. Rec1 Be8 31. Rc8 Re7 32. Bg5 1-0

[Event "Doeberl Cup Premier"]
[Site "Canberra AUS"]
[Date "2011.04.25"]
[Round "9.13"]
[White "Wyss,F"]
[Black "Steadman,M"]
[Result "0-1"]
[BlackTitle "FM"]
[WhiteElo "1896"]
[BlackElo "2217"]
[WhiteFideId "3203450"]
[BlackFideId "4300548"]
[EventDate "2011.04.21"]
[EventType "swiss"]

1. d4 e6 2. c4 f5 3. Nc3 Nf6 4. g3 c6 5. Bg2 d5 6. c5 b6 7. b4 a5 8. Na4 Nbd7 9.
a3 axb4 10. Nb2 bxc5 11. dxc5 Nxc5 12. a4 Ba6 13. Nf3 Bd6 14. Nd4 Qd7 15. Qc2
O-O 16. O-O Nfe4 17. f3 Nc3 18. Re1 e5 0-1

[Event "Doeberl Cup Premier"]
[Site "Canberra AUS"]
[Date "2011.04.25"]
[Round "9.15"]
[White "Oliver,G"]
[Black "Guo,E"]
[Result "1/2-1/2"]
[BlackTitle "WFM"]
[WhiteElo "2214"]
[BlackElo "1995"]
[WhiteFideId "3203727"]
[BlackFideId "3200795"]
[EventDate "2011.04.21"]
[EventType "swiss"]

1. d4 Nf6 2. c4 c5 3. d5 b5 4. cxb5 a6 5. b6 Qxb6 6. Nc3 d6 7. e4 g6 8. Nf3 Bg7
9. Nd2 Qc7 10. a4 Nbd7 11. a5 O-O 12. Be2 Rb8 13. O-O Ne8 14. f4 Qa7 15. Nc4 Nc7
16. Na3 Rb4 17. Kh1 Qb8 18. Bc4 Rxb2 1/2-1/2

[Event "Doeberl Cup Premier"]
[Site "Canberra AUS"]
[Date "2011.04.25"]
[Round "9.29"]
[White "Tan,Kev AUS"]
[Black "Yu,Sal"]
[Result "1-0"]
[WhiteElo "1930"]
[BlackElo "1914"]
[WhiteFideId "3209652"]
[BlackFideId "3206718"]
[EventDate "2011.04.21"]
[EventType "swiss"]

1. c4 e5 2. Nc3 d6 3. Nf3 c6 4. e4 f5 5. d4 Qc7 6. exf5 Bxf5 7. Bd3 Bg4 8. O-O
exd4 9. Ne4 Nd7 10. Qe1 O-O-O 11. Nxd4 Ne5 12. Be2 Re8 13. f4 Bxe2 14. Qxe2 Nd7
15. Qd3 Ngf6 16. Ng5 Nc5 17. Qa3 Qb6 18. b4 Na6 19. Qh3+ Kb8 20. Be3 Ng4 21.
Qxg4 Rxe3 22. Nge6 Nc7 23. Rae1 Rd3 24. c5 Qxb4 25. Nxc6+ 1-0

[Event "Doeberl Cup Premier"]
[Site "Canberra AUS"]
[Date "2011.04.25"]
[Round "9.33"]
[White "Encel,B"]
[Black "Tsagarakis,A"]
[Result "0-1"]
[WhiteElo "1925"]
[BlackElo "1915"]
[WhiteFideId "3204464"]
[BlackFideId "3205851"]
[EventDate "2011.04.21"]
[EventType "swiss"]

1. e4 Nc6 2. d4 d6 3. Nc3 g6 4. Bc4 Bg7 5. Be3 Nf6 6. Nf3 O-O 7. h3 a6 8. a3 b5
9. Ba2 Bb7 10. d5 Na5 11. b4 Nc4 12. Bxc4 bxc4 13. Bd4 c6 14. dxc6 Bxc6 15. Qe2
Rc8 16. Rd1 Qc7 17. Nd5 Qb7 18. Nxf6+ exf6 19. Nd2 Rfe8 20. f3 d5 21. O-O c3 22.
Bxc3 Bb5 23. Qe3 Bxf1 24. Kxf1 Qc7 25. Nb1 dxe4 26. fxe4 Qc4+ 27. Rd3 Qxe4 28.
Qxe4 Rxe4 29. Nd2 Re6 30. a4 Bh6 31. Nb3 Bf8 32. Nd4 Rb6 33. b5 axb5 34. axb5
Kg7 35. Ba5 Rbb8 36. Rb3 Bc5 37. Nc6 Ra8 38. Bc3 Bb6 39. Bb2 Re8 40. Nb4 Rad8
41. Nd3 Re4 42. Rc3 Rd5 0-1